Ética y sociedad (Registro nro. 4775)
[ vista simple ]
| 000 -CABECERA | |
|---|---|
| campo de control de longitud fija | 00915aam a2200349 4500 |
| 005 - FECHA Y HORA DE ACTUALIZACIÓN | |
| campo de control | 20190429163035.0 |
| 008 - LONGITUD FIJA | |
| campo de control de longitud fija | 150306b xxu||||| |||| 00| 0 spa d |
| 020 ## - INTERNATIONAL STANDARD BOOK NUMBER | |
| Número Internacional Estándar del Libro | 9789968318655 |
| 041 ## - IDIOMA | |
| Código de idioma del texto/pista de sonido o título separado | |
| 082 ## - CLASIFICACIÓN DECIMAL DEWEY | |
| Número de clasificación | 170 Z25e |
| 100 ## - AUTOR PERSONAL | |
| Nombre de persona | Zamora, Álvaro |
| 245 ## - TÍTULO PROPIAMENTE DICHO | |
| Título | Ética y sociedad |
| 260 ## - PIE DE IMPRENTA | |
| Lugar de publicación, distribución, etc. | Costa Rica |
| Nombre del editor, distribuidor, etc. | EUNED |
| Fecha de publicación, distribución, etc. | 2012 |
| 300 ## - DESCRIPCIÓN FÍSICA | |
| Extensión | 296 páginas |
| 650 ## - Materia General | |
| Materia general | ÉTICA |
| 650 ## - Materia General | |
| Materia general | SOCIEDAD |
| 650 ## - Materia General | |
| Materia general | CULTURA |
| 650 ## - Materia General | |
| Materia general | MORAL |
| 650 ## - Materia General | |
| Materia general | TRABAJO |
| 650 ## - Materia General | |
| Materia general | ESTRUCTURAS SOCIALES |
| 650 ## - Materia General | |
| Materia general | LIBERTAD |
| 650 ## - Materia General | |
| Materia general | JUSTICIA |
| 650 ## - Materia General | |
| Materia general | CENSURA MORAL |
| 650 ## - Materia General | |
| Materia general | VIDA COTIDIANA |
| 650 ## - Materia General | |
| Materia general | COMITÉS DE ÉTICA |
| 650 ## - Materia General | |
| Materia general | ÉTICA PROFESIONAL |
| 650 ## - Materia General | |
| Materia general | DEPORTE |
| 650 ## - Materia General | |
| Materia general | DERECHOS HUMANOS |
| 650 ## - Materia General | |
| Materia general | SEXUALIDAD |
| 650 ## - Materia General | |
| Materia general | CORRUPCIÓN |
| 942 ## - Punto de Acceso Adicional Koha | |
| Tipo de ítem Koha | Libro |
| Estado perdido | Estado dañado | No para préstamo | Biblioteca permanente | Biblioteca actual | Signatura completa | Código de barras | Tipo de ítem |
|---|---|---|---|---|---|---|---|
| Departamento de Biblioteca y Documentación Alfonso Chase Brenes | Departamento de Biblioteca y Documentación Alfonso Chase Brenes | 170 Z25e | 19388 | Libro |